000 00408nam a2200157Ia 4500
003 LK-CoDNM
008 010623t1922 xxu||||| |||| 00| 1 sin d
040 _aLK-CoDNM
_dLK-CoDNM
_eLK-CoDNM
041 _asin
080 _a104 D.9
245 _aපිරිනිවන් ජාතකය
246 _aPirinivan Jaatakaya
260 _bGrantaakankaara
_aColombo
_c1922
300 _b24p., 21 cm
942 _cBK
999 _c91263
_d91263